000 00680nam a2200229 4500
003 OSt
005 20240607073730.0
006 a
008 240607b |||||||| |||| 00| 0 eng d
020 _a9780240812618
040 _aDWCL-Main lib.
_cOC
082 _aCirc. 006.786 J12f 2010
100 _aJackson, Chris
245 _aFlash cinematic techniques : enhancing animated shorts and interactive storytelling /
260 _aOxford :
_bFocal,
_cc2010.
300 _axii,
_b292 p. : col. ill. ;
_c25 cm.
504 _aIncludes index.
650 _a1. Flash (Computer file).
650 _a2. Computer animation.
700 _aChris Jackson
942 _2ddc
_n0
_cBK-CIRC
_kCirc.
999 _c370
_d370